Countries whose capital is not their largest city - Statistics

General Stats
  • This quiz has been taken 35 times
    2 since last reset
  • The average score is 15 of 34
Answer Stats
Continent Answer % Correct
Oceania Australia
100%
South America Bolivia
100%
South America Brazil
100%
North America Canada
100%
Asia India
100%
Oceania Micronesia
100%
Africa Nigeria
100%
Asia Pakistan
100%
Oceania Palau
100%
North America United States
100%
North America Belize
50%
South America Ecuador
50%
Africa Equatorial Guinea
50%
Africa Morocco
50%
Asia Myanmar
50%
Oceania New Zealand
50%
Europe San Marino
50%
Africa South Africa
50%
Europe Switzerland
50%
Africa Cameroon
0%
Asia China
0%
Africa Gambia, The
0%
Asia Israel
0%
Asia Kazakhstan
0%
Europe Liechtenstein
0%
Europe Malta
0%
Asia Palestine
0%
Asia Philippines
0%
Asia Taiwan
0%
Africa Tanzania
0%
North America Trinidad and Tobago
0%
Asia Türkiye
0%
Asia United Arab Emirates
0%
Asia Vietnam
0%
No matching quizzes found
Score Distribution
Percent of People with Each Score
Percentile by Number Answered
Your Score History
You have not taken this quiz since the last reset